Vplyv vybraných trendov na vývoj neživotného poistenia na Slovensku

Metodika a analýza výsledkov realizovaného výskumu, ktorého cieľom bolo získať prehľad odborných názorov týkajúcich sa významnosti vybraných trendov s potenciálom ovplyvňovať vývoj neživotného poistenia v období rokov 2010 až 2015.

Guardado en:
Detalles Bibliográficos
Autor principal: Palacková, Dana
Formato: Capítulo de libro
Lenguaje:eslovaco
Materias:
Etiquetas: Agregar Etiqueta
Sin Etiquetas, Sea el primero en etiquetar este registro!

MARC

LEADER 00000nla$a2200000$$$4500
001 0105470
005 20240502072151.2
041 0 |a slo 
044 |a SK 
245 1 0 |a Vplyv vybraných trendov na vývoj neživotného poistenia na Slovensku  |c Dana Palacková 
520 |a Metodika a analýza výsledkov realizovaného výskumu, ktorého cieľom bolo získať prehľad odborných názorov týkajúcich sa významnosti vybraných trendov s potenciálom ovplyvňovať vývoj neživotného poistenia v období rokov 2010 až 2015. 
610 2 0 |a poistenie životné 
610 2 0 |a analýza ekonomická 
610 2 0 |a poistenie neživotné 
610 2 0 |a Slovensko 
610 2 0 |a výskum ekonomický 
100 1 |a Palacková, Dana